The most safest Arab countries for tourists - Statistics

General Stats
  • This quiz has been taken 47 times
    17 since last reset
  • The average score is 12 of 12
Answer Stats
Rating Answer % Correct
6.00 Bahrain
100%
5.20 Egypt
100%
4.20 Kuwait
100%
4.05 Lebanon
100%
5.02 Oman
100%
6.07 Qatar
100%
5.85 Saudi Arabia
100%
6.12 United Arab Emirates
100%
5.00 Jordan
94%
4.10 Algeria
88%
4.85 morocco
88%
4.30 Tunisia
88%
No matching quizzes found
Score Distribution
Percent of People with Each Score
Percentile by Number Answered
Your Score History
You have not taken this quiz since the last reset